La voz del capitolio (Registro nro. 1885)

Detalles MARC
000 -CABECERA
Longitud fija campo de control 00737nam a22002417b 4500
001 - NÚMERO DE CONTROL
Número de control bimo0000757725
003 - IDENTIFICADOR DELl NÚMERO DE CONTROL
Identificador del número de control OSt
005 - FECHA Y HORA DE LA ÚLTIMA TRANSACCIÓN
Fecha y hora de la última transacción 20150213213001.0
008 - CÓDIGOS DE INFORMACIÓN DE LONGITUD FIJA
Códigos de información de longitud fija 971218s2000 dom spa
020 ## - NÚMERO INTERNACIONAL NORMALIZADO PARA LIBROS
Número Internacional Normalizado para Libros (ISBN) 84-499-7764-9
040 ## - FUENTE DE LA CATALOGACIÓN
Centro catalogador de origen SpMaBN
Lengua de catalogación spa
Centro transcriptor BMC
Normas de descripción rdc
082 ## - NÚMERO DE LA CLASIFICACIÓN DECIMAL DEWEY
Númeroo de clasificación 972.93054
082 ## - NÚMERO DE LA CLASIFICACIÓN DECIMAL DEWEY
Númeroo de clasificación 080 Balaguer, Joaquín
100 1# - PUNTO DE ACCESO PRINCIPAL-NOMBRE DE PERSONA
Nombre de persona Balaguer, Joaquín
Fechas asociadas al nombre 1906-2002
9 (RLIN) 3070
245 13 - MENCIÓN DE TÍTULO
Título La voz del capitolio
Mención de responsabilidad, etc. Joaquín Balaguer
260 0# - PUBLICACIÓN, DISTRIBUCIÓN, ETC. (PIE DE IMPRENTA)
Lugar de publicación, distribución, etc. Santo Domingo
Nombre del editor, distribuidor, etc. Corripio
Fecha de publicación, distribución, etc. 1984
300 ## - DESCRIPCIÓN FÍSICA
Extensión 438 p.
Otras características físicas il.
Dimensiones 25 cm
490 0# - MENCIÓN DE SERIE
Mención de serie Discursos
Designación de volumen o secuencia 9
650 24 - PUNTO DE ACCESO ADICIONAL DE MATERIA - TÉRMINO DE MATERIA
9 (RLIN) 3173
Término de materia o nombre geográfico como elemento inicial Periodismo
Subdivisión de forma Colecciones de escritos
651 24 - PUNTO DE ACCESO ADICIONAL DE MATERIA - NOMBRE GEOGRÁFICO
9 (RLIN) 3169
Nombre geográfico República Dominicana
Subdivisión de materia general Historia
651 24 - PUNTO DE ACCESO ADICIONAL DE MATERIA - NOMBRE GEOGRÁFICO
9 (RLIN) 9475
Nombre geográfico República Dominicana
Subdivisión de materia general Política y gobierno
Subdivisión cronológica 1961
942 ## - ENTRADA DE ELEMENTOS AGREGADOS (KOHA)
Fuente de clasificaión o esquema Dewey Decimal Classification
Koha [por defecto] tipo de item 1- Monografias
Existencias
Suprimido Perdido Fuente de clasificación o esquema Estropeado Restricciones de uso No para préstamo Código de colección Localización permanente Localización actual Localización en estanter&íacute;as Fecha adquisición Fuente de adquisición Número de inventario Préstamos totales Signatura completa Código de barras Fecha última consulta Coste, precio reemplazado Fecha del precio de reemplazo Tipo de item de Koha
NULL NULL Dewey Decimal Classification NULL Prestable NULL NULL Biblioteca Miguel de Cervantes - UNICAES Biblioteca Miguel de Cervantes - UNICAES Sala Principal 10/08/2013 Donación - J. Giammattei 002245   972.93054 BAL voz 1002245 10/08/2013 30.00 10/08/2013 1- Monografias